Associe les duos francophones avec leur titre de chanson VOL3 - Statistiques

Statistiques générales
  • Ce quiz a été pris 38 fois
  • Le résultat moyen est 10 sur 20
Statistiques - réponses
Hint Réponse % Correct
Calogero & Passi Face à la mer
92%
Diams & Vitaa Confessions nocturnes
86%
Angèle & Roméo Elvis Tout oublier
86%
Vanessa Paradis & M La seine
84%
Jean-Jacques Goldman & Sirima Là bas
76%
Dalida & Alain Bashung Paroles… paroles…
76%
Etienne Daho & Dani Comme un boomerang
70%
Hélène Ségara & Joe Dassin Et si tu n'existais pas
68%
Zaho & MC Solaar Comme Caroline
57%
Françoise Hardy & Jacques Dutronc Puisque vous partez en voyage
43%
Bigflo & Oli Comme d'hab
41%
Jul & SDM Il pleut des balles
41%
Vianney & Zazie Comment on fait
32%
Slimane & Claudio Capéo Chez toi
24%
Bénabar & Pascal Obispo Reste-t-il du bonheur?
24%
Mylène Farmer & Jean-Louis Murat Regrets
22%
Julien Doré & Eddy de Pretto Larme fatale
16%
Grand Corps Malade & Suzane Pendant 24h
16%
SANTA & Christophe Willem Les Larmes ne coulent pas
14%
Arthur H & Izïa La beauté de l'amour
11%
Aucun quiz correspondant
Distribution des résultats
% des personnes avec chaque résultat
Percentile par nombre de réponses
Votre historique - résultats
Vous n’avez pas pris ce quiz